South Eastern Kenya University

Library Online Public Access Catalogue


The castaways : (Record no. 12986)

MARC details
000 -LEADER
fixed length control field 01587cam a2200325 a 4500
001 - CONTROL NUMBER
control field 15629505
003 - CONTROL NUMBER IDENTIFIER
control field OSt
005 - DATE AND TIME OF LATEST TRANSACTION
control field 20160422123549.0
008 - FIXED-LENGTH DATA ELEMENTS--GENERAL INFORMATION
fixed length control field 090218s2009 nyu 000 1 eng
010 ## - LIBRARY OF CONGRESS CONTROL NUMBER
LC control number 2009006621
020 ## - INTERNATIONAL STANDARD BOOK NUMBER
International Standard Book Number 0316043893
020 ## - INTERNATIONAL STANDARD BOOK NUMBER
International Standard Book Number 9780316043892
035 ## - SYSTEM CONTROL NUMBER
System control number (OCoLC)ocn297205733
040 ## - CATALOGING SOURCE
Original cataloging agency SEKU
043 ## - GEOGRAPHIC AREA CODE
Geographic area code n-us-ma
050 00 - LIBRARY OF CONGRESS CALL NUMBER
Classification number PS 3558
Item number .H5
100 1# - MAIN ENTRY--PERSONAL NAME
Personal name Hilderbrand, Elin.
245 14 - TITLE STATEMENT
Title The castaways :
Remainder of title a novel /
Statement of responsibility, etc. Elin Hilderbrand.
250 ## - EDITION STATEMENT
Edition statement 1st ed.
260 ## - PUBLICATION, DISTRIBUTION, ETC. (IMPRINT)
Place of publication, distribution, etc. New York :
Name of publisher, distributor, etc. Little, Brown and Co.,
Date of publication, distribution, etc. 2009.
300 ## - PHYSICAL DESCRIPTION
Extent 359 p. ;
Dimensions 25 cm.
520 ## - SUMMARY, ETC.
Summary, etc. Greg and Tess MacAvoy are one of four prominent Nantucket couples who count each other as best friends. As pillars of their close-knit community, the MacAvoys, Kapenashes, Drakes, and Wheelers are important to their friends and neighbors, and especially to each other. But just before the beginning of another idyllic summer, Greg and Tess are killed when their boat capsizes during an anniversary sail. As the warm weather approaches and the island mourns their loss, nothing can prepare the MacAvoy's closest friends for what will be revealed.--From publisher description.
650 #0 - SUBJECT ADDED ENTRY--TOPICAL TERM
Topical term or geographic name as entry element Friendship
Form subdivision Fiction.
650 #0 - SUBJECT ADDED ENTRY--TOPICAL TERM
Topical term or geographic name as entry element Family secrets
Form subdivision Fiction.
651 #0 - SUBJECT ADDED ENTRY--GEOGRAPHIC NAME
Geographic name Nantucket Island (Mass.)
Form subdivision Fiction.
655 #0 - INDEX TERM--GENRE/FORM
Genre/form data or focus term Psychological fiction.
856 42 - ELECTRONIC LOCATION AND ACCESS
Materials specified Contributor biographical information
Uniform Resource Identifier <a href="http://www.loc.gov/catdir/enhancements/fy1007/2009006621-b.html">http://www.loc.gov/catdir/enhancements/fy1007/2009006621-b.html</a>
856 42 - ELECTRONIC LOCATION AND ACCESS
Materials specified Publisher description
Uniform Resource Identifier <a href="http://www.loc.gov/catdir/enhancements/fy1007/2009006621-d.html">http://www.loc.gov/catdir/enhancements/fy1007/2009006621-d.html</a>
942 ## - ADDED ENTRY ELEMENTS (KOHA)
Source of classification or shelving scheme Library of Congress Classification
Koha item type General circulation
Holdings
Withdrawn status Lost status Source of classification or shelving scheme Damaged status Not for loan Home library Current library Shelving location Date acquired Source of acquisition Total Checkouts Full call number Barcode Date last seen Price effective from Koha item type Public note
    Library of Congress Classification     Main Campus Library Main Campus Library General Stacks 22/04/2016 Donation - Books for Africa   PS 3558 .H5 2016/016825 22/04/2016 22/04/2016 General circulation res
Kitui, Kenya.
+254736116989
library@seku.ac.ke